000 01152nam a2200301Ia 4500
005 20220317000342.0
008 141031s9999 ck 000 0spa d
020 _a9789584236357
100 1 _aTolkien, John Ronald Revel,
_d1892-1973
245 1 3 _aEl señor de los anillos
_bel retorno del rey
_cJ.R.R Tolkien ; traducción de Matilde Horne y Luis Domènech
250 _a1a edición
_b1a reimpresión
300 _a424 páginas
_bilustraciones, fotografías
_c32 cm.
534 _tTítulo original de la obra: The Lord of the rings II. The return of the king
650 1 4 _2LEMB
_aLiteratura sudafricana
_ySiglo XX
650 1 4 _2LEMB
_aAutores sudafricanos
_ySiglo XX
650 1 4 _2LEMB
_aNovela fantástica
650 1 4 _2LEMB
_aPersonajes fantásticos
_vNovela
650 1 4 _2LEMB
_aMundos fantásticos
_vNovela
650 1 4 _2LEMB
_aMitología nordica
700 1 _aDoménech, Luis Horne, Matilde
_etraductor
_940961
942 _2loc
_cBKLIT
264 _aBogotá
_bBooket
_c2013
336 _atexto
_btxt
_2rdacontent
337 _asin mediación
_bn
_2rdamedia
338 _avolumen
_bnc
_2rdacarrier
040 _aCO-BoRNBP
_bspa
_erda
_cCO-BoRNBP
084 _aN TOL3
999 _c3805
_d3805